Cities on the Equator to Country - Statistics

General Stats
  • This quiz has been taken 33 times
  • The average score is 10 of 20
Answer Stats
Hint Answer % Correct
Quito Ecuador
97%
São Tomé São Tomé and Príncipe
94%
Kampala Uganda
90%
Macapá Brazil
65%
São Gabriel da Cachoeira Brazil
65%
Libreville Gabon
65%
Padang Indonesia
65%
Entebbe Uganda
61%
Kisangani Democratic Republic of the Congo
48%
Pekanbaru Indonesia
45%
Mbandaka Democratic Republic of the Congo
42%
Nuevo Loja Ecuador
39%
Kisumu Kenya
39%
Nakuru Kenya
35%
Owando Republic of the Congo
35%
Kismayo Somalia
35%
Pontianak Indonesia
32%
Manta Ecuador
26%
Samarinda Indonesia
26%
Fuvahmulah Maldives
19%
No matching quizzes found
Score Distribution
Percent of People with Each Score
Percentile by Number Answered
Your Score History
You have not taken this quiz